000 00818nam a2200241Ia 4500
001 16930
003 GE_BSU
008 181216s||||||||xx |||||||||||||| ||und||
040 _cGE_BSU
080 _a82-93:821.353.1-32
100 _aელანიძე, როსტომ
245 _aბროლის ხეობა
245 _bმოთხრობები უმცრ. სასკ. ასაკის ბავშვებისათვის
245 _cრედ. მ.ზუბადალაშვილი
250 _aმე-2 გამოც.
260 _aთბილისი
260 _bნაკადული
260 _c1981
300 _a181გვ. ; 20სმ.
653 _aბროლის ხეობა
653 _aმოთხრობები
942 _cBK
999 _c49993
_d49993